000 00355nam a2200121 4500
999 _c12223
_d12223
008 190118b ||||| |||| 00| 0 eng d
100 _934584
_aGonzales, Iris
245 _aLT group sees better business in 2018/
_cIris Gonzales
260 _aPhilippines
_bThe Philippine Star
_cc2018
300 _apage B9.
650 0 _934585
_aBusiness.
942 _2ddc
_cPER